El yaniqueque de Quico / (Registro nro. 14782)

Detalles MARC
000 -LEADER
fixed length control field 02473nam a2200421 i 4500
003 - CONTROL NUMBER IDENTIFIER
control field DO-SdBNP
005 - DATE AND TIME OF LATEST TRANSACTION
control field 20240828111631.0
007 - PHYSICAL DESCRIPTION FIXED FIELD--GENERAL INFORMATION
fixed length control field ta
008 - FIXED-LENGTH DATA ELEMENTS--GENERAL INFORMATION
fixed length control field 110413s2020 dr a 000 j spa d
040 ## - CATALOGING SOURCE
Original cataloging agency DO-SdBNP
Language of cataloging spa
Transcribing agency BPMSU
Description conventions rda
082 #4 - DEWEY DECIMAL CLASSIFICATION NUMBER
Classification number RD863.44
Item number S232y 2020
Edition number 22
100 ## - MAIN ENTRY--PERSONAL NAME
Personal name Santana, Héctor
245 13 - TITLE STATEMENT
Title El yaniqueque de Quico /
Statement of responsibility, etc. Héctor Santana ; ilustración: María Rebeca Dalmasí ; dirección general: Laura V. Sánchez-Vincitore ; coordinación de redacción: Yuan-Fuei Liao ; coordinación de ilustraciones: Lissa Pérez Gómez, Paloma Phillips, Amelia De León
264 #1 - PRODUCTION, PUBLICATION, DISTRIBUTION, MANUFACTURE, AND COPYRIGHT NOTICE
Place of production, publication, distribution, manufacture Santo Domingo :
Name of producer, publisher, distributor, manufacturer USAID,
-- UNIBE,
Date of production, publication, distribution, manufacture, or copyright notice 2020.
300 ## - PHYSICAL DESCRIPTION
Extent 8 páginas
Dimensions 22 cm.
Other physical details Ilustraciones
336 ## - CONTENT TYPE
Source rdacontent
Content type term texto
Content type code txt
337 ## - MEDIA TYPE
Source rdamedia
Media type term sin mediación
Media type code n
338 ## - CARRIER TYPE
Source rdacarrier
Carrier type term volumen
Carrier type code nc
490 0# - SERIES STATEMENT
Series statement Proyecto leer
Volume/sequential designation
500 ## - GENERAL NOTE
General note Los libros decodificables están compuestos de textos redactados con dificultad progresiva. Cada etapa decodificable enfatiza ciertas combinaciones de letras y sonidos tomando en cuenta el orden de frecuencia en la que aparecen en el idioma español, y el nivel de dificultad de la relación letra-sonidos.
500 ## - GENERAL NOTE
General note Combinación de grafemas: c (ca), q, v, ll, y (ya), h, ch, cl, bl, fl, pl.
500 ## - GENERAL NOTE
General note Grafemas anteriores: a, m, e, n, o, s, i, l, u y, f, p, t, b, d.
520 ## - SUMMARY, ETC.
Summary, etc. Quico tomó un yaniqueque caliente de la mesa sin que su madre lo viera y el alimento le quemó los dedos. Quico se puso a llorar, pero siguió comiéndose el yaniqueque. Consideró que el yaniqueque era bueno, aunque estuviera caliente y le quemara los dientes. Le puso mayonesa y preparó otro: uno relleno con huevo. Luego otro con catchup. Se convenció de que los yaniqueques de su madre eran los mejores. Al final tomó otro, bien caliente y gritó: “¡Ay ay ay, me quemé!”.
521 ## - TARGET AUDIENCE NOTE
Target audience note Nivel primario
590 ## - LOCAL NOTE (RLIN)
Local note Inventariado, 2024/VM
650 #4 - SUBJECT ADDED ENTRY--TOPICAL TERM
Topical term or geographic name as entry element Cuentos infantiles dominicanos
650 #4 - SUBJECT ADDED ENTRY--TOPICAL TERM
Topical term or geographic name as entry element Literatura infantil dominicana
650 #4 - SUBJECT ADDED ENTRY--TOPICAL TERM
Topical term or geographic name as entry element Yaniqueques
Form subdivision Cuentos infantiles dominicanos
651 ## - SUBJECT ADDED ENTRY--GEOGRAPHIC NAME
Source of heading or term
700 1# - ADDED ENTRY--PERSONAL NAME
Personal name Dalmasí, María Rebecca
Relator term ilustraciones
700 1# - ADDED ENTRY--PERSONAL NAME
Personal name Sánchez-Vincitore, Laura V
Relator term director general
700 1# - ADDED ENTRY--PERSONAL NAME
Personal name Liao, Yuan-Fuei
Relator term coordinador
700 1# - ADDED ENTRY--PERSONAL NAME
Personal name Pérez Gómez, Lissa
Relator term coordinador
700 1# - ADDED ENTRY--PERSONAL NAME
Personal name Phillips, Paloma
Relator term coodinador
710 2# - ADDED ENTRY--CORPORATE NAME
Corporate name or jurisdiction name as entry element Universidad Iberoamericana(República Dominicana)
910 ## - USER-OPTION DATA (OCLC)
User-option data VMateo V. Control de calidad. BPMSU
942 ## - ADDED ENTRY ELEMENTS (KOHA)
Source of classification or shelving scheme Dewey Decimal Classification
Koha item type Libros
Existencias
Withdrawn status Lost status Source of classification or shelving scheme Damaged status Not for loan Collection code Home library Current library Date acquired Source of acquisition Total Checkouts Full call number Barcode Date last seen Price effective from Koha item type
    Dewey Decimal Classification     Colección Infantil Dominicana Biblioteca Pública Metropolitana Salomé Ureña Biblioteca Pública Metropolitana Salomé Ureña 08/28/2024 UNIBE   BPMSU CGI RD863.44 S232y 2020 BPMSU24080043 08/28/2024 08/28/2024 Libros